| 000 | 00454nam a2200145 a 4500 | ||
|---|---|---|---|
| 001 | 000045868 | ||
| 005 | 20201002052506.0 | ||
| 008 | 150525s1982 dr ac 000 0 spa d | ||
| 040 |
_aDO-SdBNP _bspa _cBNPHU |
||
| 082 |
_axxxx _bxxxx |
||
| 100 | 1 |
_aVargas, José Rafael _921851 |
|
| 245 | 1 | 4 |
_aLos políticos y el futuro Dominicano / _cJosé Rafael Vargas. |
| 260 |
_aMoca, República Dominicana : _b[s.n.], _c1982. |
||
| 300 |
_a28 cm. : _bil. retrs. ; _c21 cm. |
||
| 999 |
_c45357 _d45357 |
||